000 00260nam a2200109Ia 4500
008 230411s9999 xx 000 0 und d
041 _aeng
082 _aX/158.1/VAS/B04055
100 _aVaswani
_9178108
245 _aFreedom from Stress
999 _c154828
_d154828